000 00348nam a22001457a 4500
008 210301b ||||| |||| 00| 0 eng d
020 _a9780071624947
041 _aeng
080 _22nd
_a61
082 _a61
100 _a3
101 _aSHK
245 _aAn evidence-based approach to differential diagnosis
_cHenderson, M.C
942 _2udc
_cBK
999 _c55317
_d55317